Poesías: Versos de juventud, ritmos, poemas, cantos escolares

Kaydedildi:
Detaylı Bibliyografya
Yazar: González, Pedro Antonio (Yazar)
Materyal Türü: Kitap
Dil:İspanyolca
Baskı/Yayın Bilgisi: Santiago Nascimento 1922
Edisyon:3a. ed
Seri Bilgileri:Cultura chilena, 1
Konular:
Etiketler: Etiketle
Etiket eklenmemiş, İlk siz ekleyin!

MARC

LEADER 00000nam a2200000 a 4500
001 UCJ3293
003 CL-VaPUC
008 070124e19220000CL |||||||||||||||||spa|d
082 0 4 |a Ch861  |b GON  |2 21 
100 |a González, Pedro Antonio  |e author  |9 505042 
245 1 0 |a Poesías: Versos de juventud, ritmos, poemas, cantos escolares 
250 |a 3a. ed 
300 |a 427 p 
942 |c BK 
945 |d 20070124 00:00:00  |a rinostro 
260 |a Santiago  |b Nascimento  |c 1922 
500 |a Introducción, notas y biografía del autor por Armando Donoso 
600 0 7 |a DONOSO, ARMANDO  |2 CL-VaPUC  |9 348932 
650 0 |a Poesía chilena   |9 268403 
583 |a last modification  |c 20070124 00:00:00  |k Rodrigo Vera 
490 0 |a Cultura chilena, 1 
999 |c 319415  |d 319413 
952 |0 0  |1 0  |4 0  |6 CH_861_000000000000000_GON_1922  |7 0  |8 X  |9 397734  |a FDOBUD  |b FDOBUD  |d 2019-11-22  |i 1001884  |o Ch861 GON 1922  |p 1001884  |r 2019-11-22  |w 2019-11-22  |y BK_X  |k BUD